Rupaul's Drag Race S8 • SUDDEN DEATH - Statistics

General Stats
  • This quiz has been taken 239 times
  • The average score is 10 of 12
Answers on the Grid
Answers color-coded by a green-red scale on the quiz's grid according to % correct below.
Bob The Drag Queen
Kim Chi
Naomi Smalls
Chi Chi DeVayne
Derrick Barry
Thorgy Thor
Robbie Turner
Acid Betty
Cynthia Lee Fontaine
Naysha Lopez
Dax Exclamation Point
Laila McQueen
Charlie Hides
Jasmine Masters
Max
Valentina
Honey Davenport
The Vixen
Brooke Lynn Hytes
Gia Gunn
Katya
Gigi Goode
Daya Betty
Dawn
Onya Nurve
Blu Hydrangea
Jimbo
Miss Moço
Anita Wigl'it
Soa de Muse
 
Answer Stats
Answer % Correct
Thorgy Thor
92%
Bob The Drag Queen
91%
Acid Betty
89%
Kim Chi
89%
Naomi Smalls
88%
Dax Exclamation Point
87%
Cynthia Lee Fontaine
86%
Derrick Barry
86%
Robbie Turner
85%
Chi Chi DeVayne
84%
Naysha Lopez
83%
Laila McQueen
81%
No matching quizzes found
Score Distribution
Percent of People with Each Score
Percentile by Number Answered
Your Score History
You have not taken this quiz